| 000 | 01149cam a2200229 4500 | ||
|---|---|---|---|
| 001 | WB4014-20 | ||
| 008 | 040406n2004 000 0 eng u | ||
| 035 | _a(Sirsi) u125774 | ||
| 245 | _aImplementing CAP reform | ||
| 260 | _c2004 | ||
| 490 |
_aScottish Executive News Release _v(SEEN839a/2004) 6 April 2004 (2) |
||
| 520 | _aReports that the final text of the EU legislation to implement reform of the CAP should be available to farmers and interested parties at the end of April 2004. The legislation covered will include cross compliance controls and sanctions and implementation of the Single Farm Payment Scheme. The Scottish Executive Environment and Rural Affairs Department plans to send information to farmer in June on the basis of their entitlement calculations. For the Scottish Executive News Release: http://www.scotland.gov.uk/pages/news/2004/04/SEEN 839a.aspx | ||
| 590 | _aWB | ||
| 590 | _aWB | ||
| 650 | _aSCOTLAND | ||
| 650 | _aEU LEGISLATION | ||
| 650 | _aCOMMON AGRICULTURAL POLICY | ||
| 650 | _aFARM ECONOMICS | ||
| 650 | _aSINGLE FARM PAYMENT SCHEME | ||
| 690 | _aRURAL-AGRICULTURE AND FORESTRY | ||
| 942 | _n0 | ||
| 999 |
_c117175 _d117175 |
||